000 01391nam a2200337 a 4500
999 _c116227
_d116227
003 BLK
005 20240402110328.0
008 180409b bul|||||r ||||||| ||bul||
010 _aKNG00121762000
040 _aBLK
041 _aBUL
_cBUL
080 _aБалетни театри. Хореографски представления. Сценични танци. Вж и 793.32
_b792.8
_x(497.2)(091)
_z792.8(497.2)(091)
100 _aКонсулова, Виолета Михайлова
_d1933 - 1993
_gТеатрален и балетен критик, театровед.
_9376402
139 _aКонсулова, Виолета Михайлова
_bК 83
245 1 0 _aИз историята на българския балет
_cВиолета Михайлова Консулова.
257 _aBGR
260 _bБАН
_c1981
_aСофия
300 _a128 с.
_c20 см
380 _a7
650 4 _aБалет, български - история
_9263561
653 _aЮлиан Крейн
653 _aБългария
653 _aистория
852 _aЦб 107518
_bЦб
856 4 _qpdf
_i0.00
_ldisable
856 4 _qpdf
_i0.00
_ldisable
942 _cKNG
_n0
_s1
944 _aCR
_c10.03.2011
_lГеновева Генчева
_k30560
944 _aED
_c21.08.2015
_lдобави в АБ / 09.03.2011
_kКамелия_Данева
999 _d116227